[Event "RE-2019-0-00210"]
[Site "LSS email"]
[Date "2019.09.14"]
[Round "?"]
[White "Csaba, Fodor"]
[Black "Mot, Oleg"]
[Result "1-0"]
[WhiteElo "1302"]
[BlackElo "1396"]
[PlyCount "69"]
[EventDate "2019.02.23"]
[EventType "tourn (corr)"]
[EventRounds "6"]
[EventCountry "GER"]
[SourceTitle "Corr 2022"]
[Source "ChessBase"]
[SourceDate "2021.10.24"]
[SourceVersion "1"]
[SourceVersionDate "2021.10.24"]
[SourceQuality "1"]

1. e4 e5 2. f4 exf4 3. Nf3 g5 4. h4 g4 5. Ne5 Qe7 6. d4 d6 7. Nxg4 Qxe4+ 8. Qe2 Qe7 9. Qxe7+ Bxe7 10. Nf2 Nc6 11. c3 Nf6 12. Bxf4 Be6 13. Nd2 Rg8 14. Nde4 Nxe4 15. Nxe4 Bd5 16. Nf2 0-0-0 17. h5 Bxg2 18. Bxg2 Rxg2 19. Ke2 Rdg8 20. Rh3 f5 21. Kf3 R2g7 22. Rah1 Bf6 23. Nd1 Rg4 24. Bc1 Ne7 25. Ne3 Kd7 26. Rf1 Ke6 27. Re1 Kf7 28. Re2 Rg1 29. Bd2 Ra1 30. a3 Rgg1 31. Rf2 Ra2 32. Ke2 Rxb2 33. Kd3 Bg5 34. Nxf5 Rxd2+ 35. Rxd2 1-0

[Event "OP-2019-0-04815"]
[Site "LSS email"]
[Date "2019.07.31"]
[Round "?"]
[White "Johanson, Frans"]
[Black "Mot, Oleg"]
[Result "1/2-1/2"]
[WhiteElo "1885"]
[BlackElo "1396"]
[PlyCount "60"]
[EventDate "2019.07.20"]
[EventType "tourn (corr)"]
[EventRounds "4"]
[EventCountry "GER"]
[SourceTitle "Corr 2022"]
[Source "ChessBase"]
[SourceDate "2021.10.24"]
[SourceVersion "1"]
[SourceVersionDate "2021.10.24"]
[SourceQuality "1"]

1. d4 Nf6 2. c4 e6 3. Nf3 c5 4. e3 d5 5. Nc3 Nc6 6. cxd5 exd5 7. Be2 cxd4 8. Nxd4 a6 9. 0-0 Bd6 10. e4 dxe4 11. Nxc6 bxc6 12. Qa4 0-0 13. Nxe4 Nxe4 14. Qxe4 Re8 15. Qxc6 Rb8 16. Be3 Re6 17. Qc2 Bb7 18. Rfd1 Qh4 19. g3 Bxg3 20. fxg3 Qe7 21. Qf5 Rxe3 22. Rd7 Qe8 23. Bc4 Re7 24. Rxe7 Qxe7 25. Rd1 Qe3+ 26. Kf1 Rf8 27. Qd3 Qb6 28. b3 h6 29. Bd5 Bxd5 30. Qxd5 Qg6 1/2-1/2

[Event "OP-2019-0-04815"]
[Site "LSS email"]
[Date "2019.07.31"]
[Round "?"]
[White "Mot, Oleg"]
[Black "Berk, Ozan"]
[Result "1-0"]
[WhiteElo "1396"]
[BlackElo "814"]
[PlyCount "49"]
[EventDate "2019.07.20"]
[EventType "tourn (corr)"]
[EventRounds "4"]
[EventCountry "GER"]
[SourceTitle "Corr 2022"]
[Source "ChessBase"]
[SourceDate "2021.10.24"]
[SourceVersion "1"]
[SourceVersionDate "2021.10.24"]
[SourceQuality "1"]

1. c4 e5 2. g3 Nf6 3. Bg2 d5 4. cxd5 Nxd5 5. Nf3 Nc6 6. 0-0 Bc5 7. Nxe5 Nxe5 8. d4 0-0 9. dxc5 Be6 10. f4 Ng4 11. f5 Nde3 12. Qxd8 Rfxd8 13. fxe6 Nxf1 14. exf7+ Kxf7 15. Bxf1 Rd1 16. Nc3 Rd7 17. Bf4 c6 18. Ne4 h6 19. Nd6+ Ke7 20. Bh3 h5 21. Rf1 a5 22. Bg5+ Nf6 23. Bxf6+ gxf6 24. Bxd7 Kxd7 25. Rxf6 1-0

[Event "OP-2019-0-04815"]
[Site "LSS email"]
[Date "2019.07.31"]
[Round "?"]
[White "Vontina, Maria"]
[Black "Mot, Oleg"]
[Result "0-1"]
[WhiteElo "796"]
[BlackElo "1396"]
[PlyCount "46"]
[EventDate "2019.07.20"]
[EventType "tourn (corr)"]
[EventRounds "4"]
[EventCountry "GER"]
[SourceTitle "Corr 2022"]
[Source "ChessBase"]
[SourceDate "2021.10.24"]
[SourceVersion "1"]
[SourceVersionDate "2021.10.24"]
[SourceQuality "1"]

1. e4 c5 2. Nf3 Nc6 3. d4 cxd4 4. Nxd4 Nf6 5. Nc3 e5 6. Ndb5 d6 7. Bg5 a6 8. Na3 b5 9. Nd5 Be7 10. Bxf6 Bxf6 11. c3 0-0 12. Be2 Bb7 13. 0-0 Rb8 14. Nxf6+ Qxf6 15. Nc2 Nd8 16. f3 Ne6 17. Ne3 Qg5 18. Qd3 Nf4 19. Qd1 f5 20. exf5 Nh3+ 21. Kh1 Qxe3 22. gxh3 Rxf5 23. Qd3 Rxf3 0-1

[Event "RE-2017-0-00186"]
[Site "LSS email"]
[Date "2017.05.10"]
[Round "?"]
[White "Koepcke, Klaus Peter"]
[Black "Mot, Oleg"]
[Result "0-1"]
[WhiteElo "1420"]
[BlackElo "1404"]
[PlyCount "44"]
[EventDate "2017.02.04"]
[EventType "tourn (corr)"]
[EventRounds "6"]
[EventCountry "GER"]
[SourceTitle "Corr 2022"]
[Source "ChessBase"]
[SourceDate "2021.10.24"]
[SourceVersion "1"]
[SourceVersionDate "2021.10.24"]
[SourceQuality "1"]

1. d4 Nf6 2. c4 e6 3. Nf3 Be7 4. Nc3 d5 5. e3 0-0 6. b3 c5 7. Bb2 cxd4 8. exd4 Nc6 9. Be2 dxc4 10. bxc4 b6 11. 0-0 Bb7 12. Rc1 Rc8 13. Qa4 Na5 14. Nb5 a6 15. Na3 Ne4 16. Rfd1 Re8 17. Rd3 Bd6 18. d5 exd5 19. cxd5 Rxc1+ 20. Bxc1 Nc5 21. Qg4 Rxe2 22. Bh6 Qf6 0-1

[Event "RE-2017-0-00186"]
[Site "LSS email"]
[Date "2017.05.10"]
[Round "?"]
[White "Mot, Oleg"]
[Black "MacDonald, Rob"]
[Result "1/2-1/2"]
[WhiteElo "1404"]
[BlackElo "1364"]
[PlyCount "49"]
[EventDate "2017.02.04"]
[EventType "tourn (corr)"]
[EventRounds "6"]
[EventCountry "GER"]
[SourceTitle "Corr 2022"]
[Source "ChessBase"]
[SourceDate "2021.10.24"]
[SourceVersion "1"]
[SourceVersionDate "2021.10.24"]
[SourceQuality "1"]

1. c4 e5 2. Nc3 f5 3. g3 d6 4. Bg2 Nf6 5. e3 g6 6. Nge2 Bg7 7. 0-0 0-0 8. b3 c6 9. d4 e4 10. h4 Na6 11. Bb2 Nc7 12. Qc2 d5 13. Nf4 b6 14. cxd5 cxd5 15. Rfc1 Rf7 16. a4 Bh6 17. Nce2 Ba6 18. Ba3 Ng4 19. Qd2 Qd7 20. Rc2 Re8 21. Rac1 Ne6 22. Nxe6 Rxe6 23. Bh3 Nf6 24. Rc3 Re8 25. Rc6 1/2-1/2

[Event "OP-2017-0-04342"]
[Site "LSS email"]
[Date "2017.05.10"]
[Round "?"]
[White "Plummer, Martin"]
[Black "Mot, Oleg"]
[Result "1-0"]
[WhiteElo "1091"]
[BlackElo "1419"]
[PlyCount "49"]
[EventDate "2017.04.29"]
[EventType "tourn (corr)"]
[EventRounds "4"]
[EventCountry "GER"]
[SourceTitle "Corr 2022"]
[Source "ChessBase"]
[SourceDate "2021.10.24"]
[SourceVersion "1"]
[SourceVersionDate "2021.10.24"]
[SourceQuality "1"]

1. e4 c5 2. Nf3 Nc6 3. d4 cxd4 4. Nxd4 Nf6 5. Nc3 e6 6. a3 Be7 7. Be2 0-0 8. 0-0 d5 9. exd5 Nxd5 10. Nxc6 bxc6 11. Bd2 Rb8 12. b3 Bf6 13. Qe1 Qc7 14. Rc1 Be5 15. g3 Bd6 16. a4 e5 17. Bf3 Bh3 18. Bg2 Bxg2 19. Kxg2 f5 20. f3 Rfe8 21. Qf2 Bb4 22. Nxd5 cxd5 23. Bxb4 Rxb4 24. Qd2 Qb7 25. Rfd1 1-0

[Event "OP-2017-0-04342"]
[Site "LSS email"]
[Date "2017.05.05"]
[Round "?"]
[White "Palla, Vit"]
[Black "Mot, Oleg"]
[Result "0-1"]
[WhiteElo "1184"]
[BlackElo "1419"]
[PlyCount "42"]
[EventDate "2017.04.29"]
[EventType "tourn (corr)"]
[EventRounds "4"]
[EventCountry "GER"]
[SourceTitle "Corr 2022"]
[Source "ChessBase"]
[SourceDate "2021.10.24"]
[SourceVersion "1"]
[SourceVersionDate "2021.10.24"]
[SourceQuality "1"]

1. d4 Nf6 2. c4 e6 3. Bg5 Be7 4. Nc3 c5 5. d5 Nxd5 6. Bxe7 Nxc3 7. Bxd8 Nxd1 8. Rxd1 Kxd8 9. Nf3 Ke7 10. e4 b6 11. e5 Bb7 12. Be2 Nc6 13. 0-0 Rad8 14. Rd6 f6 15. Rfd1 fxe5 16. R6d2 e4 17. Ne1 Ne5 18. b3 Rhf8 19. Nc2 d5 20. cxd5 exd5 21. Bf1 d4 0-1

[Event "SE-2016-0-00240"]
[Site "LSS email"]
[Date "2016.11.29"]
[Round "?"]
[White "Kolanek, Sylwia"]
[Black "Mot, Oleg"]
[Result "1-0"]
[WhiteElo "1683"]
[BlackElo "1414"]
[PlyCount "51"]
[EventDate "2016.10.02"]
[EventType "tourn (corr)"]
[EventRounds "6"]
[EventCountry "GER"]
[SourceTitle "Corr 2022"]
[Source "ChessBase"]
[SourceDate "2021.10.24"]
[SourceVersion "1"]
[SourceVersionDate "2021.10.24"]
[SourceQuality "1"]

1. e4 e5 2. Nf3 Nf6 3. Nxe5 d6 4. Nf3 Nxe4 5. d4 d5 6. Bd3 Nc6 7. 0-0 Be7 8. c4 Nb4 9. cxd5 Nxd3 10. Qxd3 Qxd5 11. Re1 Bf5 12. g4 Bg6 13. Nc3 Nxc3 14. Qxc3 f6 15. Nh4 Qd7 16. Bf4 Qxg4+ 17. Bg3 Rd8 18. Re3 Rd7 19. Rae1 Kf8 20. h3 Qg5 21. Rxe7 Rxe7 22. Rxe7 Kxe7 23. Qxc7+ Kf8 24. Qd6+ Kf7 25. Qd7+ Kf8 26. Qe6 1-0

[Event "SE-2016-0-00240"]
[Site "LSS email"]
[Date "2016.11.29"]
[Round "?"]
[White "Mot, Oleg"]
[Black "Slavin, Pablo"]
[Result "1-0"]
[WhiteElo "1414"]
[BlackElo "1237"]
[PlyCount "81"]
[EventDate "2016.10.02"]
[EventType "tourn (corr)"]
[EventRounds "6"]
[EventCountry "GER"]
[SourceTitle "Corr 2022"]
[Source "ChessBase"]
[SourceDate "2021.10.24"]
[SourceVersion "1"]
[SourceVersionDate "2021.10.24"]
[SourceQuality "1"]

1. e4 c5 2. f4 Nc6 3. Nf3 d5 4. exd5 Qxd5 5. Nc3 Qd8 6. Bb5 Bd7 7. 0-0 a6 8. Bxc6 Bxc6 9. d3 Nf6 10. Ne5 Qc7 11. Nxc6 Qxc6 12. f5 g6 13. Bg5 Bg7 14. Qd2 0-0 15. Rae1 Qd6 16. h4 Ng4 17. Rf4 Bd4+ 18. Kh1 Nf6 19. Ne4 Nxe4 20. Rfxe4 f6 21. Bf4 Be5 22. Bxe5 fxe5 23. Rxe5 Rxf5 24. Rxf5 gxf5 25. Qg5+ Qg6 26. Qxe7 Qh6 27. Re3 Rf8 28. Kh2 f4 29. Re6 Qg7 30. Qxc5 Qg3+ 31. Kg1 f3 32. Qf2 Qg7 33. c3 Qg4 34. Re4 Qxg2+ 35. Qxg2+ fxg2 36. Rg4+ Kh8 37. Kxg2 Rf7 38. d4 h6 39. d5 Rf5 40. d6 Rd5 41. Rd4 1-0

[Event "LSS No Engine Cup 158 Preliminary 0"]
[Site "LSS email"]
[Date "2016.08.27"]
[Round "?"]
[White "Bester, Kazimierz"]
[Black "Mot, Oleg"]
[Result "1-0"]
[WhiteElo "1001"]
[BlackElo "1600"]
[PlyCount "107"]
[EventDate "2016.08.28"]
[EventType "tourn (corr)"]
[EventRounds "6"]
[EventCountry "GER"]
[SourceTitle "Corr 2022"]
[Source "ChessBase"]
[SourceDate "2021.10.24"]
[SourceVersion "1"]
[SourceVersionDate "2021.10.24"]
[SourceQuality "1"]

1. f4 Nf6 2. Nf3 d5 3. e3 c5 4. Be2 Bg4 5. 0-0 e6 6. d3 Nc6 7. h3 Bxf3 8. Bxf3 Be7 9. Qe2 h6 10. Nd2 Qb6 11. c3 0-0 12. a3 a5 13. c4 Rfd8 14. Rb1 d4 15. e4 e5 16. f5 Nd7 17. Bg4 a4 18. b3 axb3 19. Rxb3 Qc7 20. Bh5 Na5 21. Rb5 b6 22. Qf3 Bg5 23. Qg4 Be3+ 24. Kh1 Nf6 25. Qd1 Nb7 26. Bf3 Nd6 27. Rb1 Rdb8 28. a4 Qd7 29. Ra1 Nb7 30. Qe1 Rxa4 31. Rxa4 Qxa4 32. Bd1 Qd7 33. Be2 Ra8 34. Qg3 Bf4 35. Qf3 Ra2 36. Nb3 Bxc1 37. Nxc1 Rc2 38. g4 Nh7 39. h4 Nd6 40. Rg1 Qa7 41. g5 Qa3 42. gxh6 Rxc1 43. Bf1 Nf6 44. Rxg7+ Kf8 45. Rg1 Nxc4 46. Qg3 Ke7 47. Qg5 Rxf1 48. Rxf1 Qxd3 49. Re1 Nd2 50. h7 Qh3+ 51. Kg1 Nf3+ 52. Kf2 Nxg5 53. h8Q Qf3+ 54. Kg1 1-0

[Event "LSS No Engine Cup 158 Preliminary 0"]
[Site "LSS email"]
[Date "2016.08.27"]
[Round "?"]
[White "Mot, Oleg"]
[Black "Peraza Balleste, Orlando"]
[Result "0-1"]
[WhiteElo "1600"]
[BlackElo "1600"]
[PlyCount "76"]
[EventDate "2016.08.28"]
[EventType "tourn (corr)"]
[EventRounds "6"]
[EventCountry "GER"]
[SourceTitle "Corr 2022"]
[Source "ChessBase"]
[SourceDate "2021.10.24"]
[SourceVersion "1"]
[SourceVersionDate "2021.10.24"]
[SourceQuality "1"]

1. e4 c5 2. Nf3 d6 3. d4 cxd4 4. Nxd4 Nf6 5. Bc4 Nxe4 6. 0-0 e6 7. Nd2 Nf6 8. Re1 Be7 9. N2f3 0-0 10. Bd3 Nc6 11. c3 Bd7 12. Bg5 h6 13. Bh4 Qb6 14. Qd2 Rfe8 15. Rad1 Nxd4 16. Nxd4 d5 17. Bg3 Bd6 18. Bxd6 Qxd6 19. Re3 e5 20. Nf5 Qb6 21. Rg3 Bxf5 22. Bxf5 Ne4 23. Bxe4 dxe4 24. Re1 Rad8 25. Qe3 Re6 26. h4 f5 27. Qe2 Kh7 28. c4 Red6 29. Rb3 Qc6 30. h5 Rd2 31. Qe3 Rd1 32. Kh2 b6 33. Rxd1 Rxd1 34. Rc3 Qf6 35. g3 Rd4 36. Kh3 Qd6 37. Rc2 f4 38. Qe2 f3 0-1

[Event "LSS No Engine Cup 158 Preliminary 0"]
[Site "LSS email"]
[Date "2016.08.27"]
[Round "?"]
[White "Raluy, Marcos"]
[Black "Mot, Oleg"]
[Result "1-0"]
[WhiteElo "1554"]
[BlackElo "1600"]
[PlyCount "69"]
[EventDate "2016.08.28"]
[EventType "tourn (corr)"]
[EventRounds "6"]
[EventCountry "GER"]
[SourceTitle "Corr 2022"]
[Source "ChessBase"]
[SourceDate "2021.10.24"]
[SourceVersion "1"]
[SourceVersionDate "2021.10.24"]
[SourceQuality "1"]

1. d4 Nf6 2. c4 e6 3. Nf3 c5 4. d5 exd5 5. cxd5 d6 6. Nc3 a6 7. a4 h6 8. h3 Bf5 9. Bf4 Nbd7 10. Nd2 Be7 11. e4 Bg6 12. Be2 0-0 13. 0-0 Re8 14. a5 Bf8 15. f3 Nh5 16. Bh2 Qh4 17. Nc4 Ng3 18. Qe1 Nxe2+ 19. Nxe2 Qxe1 20. Rfxe1 Ne5 21. Bxe5 dxe5 22. Nc1 Rad8 23. g4 f6 24. Nb3 Rc8 25. Rac1 Rc7 26. Rc2 Rd8 27. Rec1 Be8 28. Nbd2 h5 29. gxh5 Bxh5 30. Nb6 g6 31. Kf2 f5 32. Ndc4 fxe4 33. fxe4 Rf7+ 34. Kg1 Rf4 35. Nxe5 1-0

[Event "LSS No Engine Cup 158 Preliminary 0"]
[Site "LSS email"]
[Date "2016.08.27"]
[Round "?"]
[White "Sofia, Gerardo"]
[Black "Mot, Oleg"]
[Result "1-0"]
[WhiteElo "1981"]
[BlackElo "1600"]
[PlyCount "31"]
[EventDate "2016.08.28"]
[EventType "tourn (corr)"]
[EventRounds "6"]
[EventCountry "GER"]
[SourceTitle "Corr 2022"]
[Source "ChessBase"]
[SourceDate "2021.10.24"]
[SourceVersion "1"]
[SourceVersionDate "2021.10.24"]
[SourceQuality "1"]

1. d4 Nf6 2. c4 c5 3. d5 e6 4. Nc3 exd5 5. cxd5 d6 6. e4 Nbd7 7. f4 Qa5 8. Bd2 h6 9. Nf3 a6 10. e5 dxe5 11. fxe5 Ng4 12. Qe2 Qb4 13. d6 Qxb2 14. Rb1 Qc2 15. h3 b5 16. hxg4 1-0

[Event "OP-2016-0-04103"]
[Site "LSS email"]
[Date "2016.07.20"]
[Round "?"]
[White "Mot, Oleg"]
[Black "Kovacs, Arthur"]
[Result "0-1"]
[WhiteElo "1392"]
[BlackElo "2452"]
[PlyCount "70"]
[EventDate "2016.07.14"]
[EventType "tourn (corr)"]
[EventRounds "4"]
[EventCountry "GER"]
[SourceTitle "Corr 2022"]
[Source "ChessBase"]
[SourceDate "2021.10.24"]
[SourceVersion "1"]
[SourceVersionDate "2021.10.24"]
[SourceQuality "1"]

1. e4 e5 2. Nf3 Nc6 3. d4 exd4 4. c3 Nf6 5. e5 Nd5 6. cxd4 Bb4+ 7. Bd2 Bxd2+ 8. Qxd2 d6 9. Bb5 0-0 10. Nc3 Be6 11. 0-0 Nxc3 12. Qxc3 Ne7 13. Bc4 Bxc4 14. Qxc4 c6 15. Rfe1 Nd5 16. a3 Rc8 17. Rac1 Rc7 18. g3 Re7 19. exd6 Qxd6 20. Rxe7 Qxe7 21. Re1 Qd8 22. Qc5 a6 23. Kg2 g6 24. Nd2 Qd7 25. Nc4 Rd8 26. Ne5 Qf5 27. Qa7 Qc8 28. Nd3 Rd7 29. Qc5 Qd8 30. Nc1 Nf6 31. Nb3 Rd6 32. a4 b6 33. Qc4 a5 34. Qa6 Nd5 35. Re5 Ne7 0-1

[Event "SE-2016-0-00230"]
[Site "LSS email"]
[Date "2016.07.04"]
[Round "?"]
[White "Frank, Stanislav"]
[Black "Mot, Oleg"]
[Result "0-1"]
[WhiteElo "1383"]
[BlackElo "1388"]
[PlyCount "26"]
[EventDate "2016.04.25"]
[EventType "tourn (corr)"]
[EventRounds "6"]
[EventCountry "GER"]
[SourceTitle "Corr 2022"]
[Source "ChessBase"]
[SourceDate "2021.10.24"]
[SourceVersion "1"]
[SourceVersionDate "2021.10.24"]
[SourceQuality "1"]

1. e4 e5 2. Nf3 Nf6 3. Nxe5 d6 4. Nxf7 Kxf7 5. d4 c5 6. dxc5 d5 7. e5 Ng4 8. f4 Bxc5 9. Qf3 Bf2+ 10. Kd1 Bb6 11. Nc3 Nf2+ 12. Ke1 Nxh1 13. Nxd5 Qh4+ 0-1

[Event "BI-2016-F-0000"]
[Site "LSS email"]
[Date "2016.02.14"]
[Round "?"]
[White "Evtyugin, Yury Alekseevich"]
[Black "Mot, Oleg"]
[Result "0-1"]
[WhiteElo "958"]
[BlackElo "1346"]
[PlyCount "66"]
[EventDate "2016.02.20"]
[EventType "tourn (corr)"]
[EventRounds "10"]
[EventCountry "GER"]
[SourceTitle "Corr 2022"]
[Source "ChessBase"]
[SourceDate "2021.10.24"]
[SourceVersion "1"]
[SourceVersionDate "2021.10.24"]
[SourceQuality "1"]

1. Nf3 c5 2. d4 cxd4 3. Nxd4 e5 4. Nb3 d5 5. Nc3 d4 6. Ne4 Bf5 7. Ng3 Bg6 8. e4 Nf6 9. Bb5+ Nc6 10. f3 Qb6 11. a4 a6 12. Bxc6+ Qxc6 13. 0-0 Rc8 14. Rf2 Be7 15. Bg5 Ng4 16. fxg4 Bxg5 17. Kh1 Be3 18. Re2 Bxe4 19. Nxe4 Qxe4 20. Rc1 Qxg4 21. Nd2 0-0 22. h3 Qh5 23. Qe1 Rfd8 24. c3 Bf4 25. Rd1 d3 26. Re4 f5 27. Rb4 e4 28. Nxe4 fxe4 29. Rxe4 d2 30. Qe2 Qxe2 31. Rxe2 Re8 32. Rexd2 Bxd2 33. Rxd2 Rcd8 0-1

[Event "BI-2016-F-0000"]
[Site "LSS email"]
[Date "2016.02.14"]
[Round "?"]
[White "Lenz, Juergen"]
[Black "Mot, Oleg"]
[Result "0-1"]
[WhiteElo "1094"]
[BlackElo "1346"]
[PlyCount "74"]
[EventDate "2016.02.20"]
[EventType "tourn (corr)"]
[EventRounds "10"]
[EventCountry "GER"]
[SourceTitle "Corr 2022"]
[Source "ChessBase"]
[SourceDate "2021.10.24"]
[SourceVersion "1"]
[SourceVersionDate "2021.10.24"]
[SourceQuality "1"]

1. d4 Nf6 2. Bf4 d6 3. h3 Nc6 4. Nf3 e6 5. e3 Be7 6. Be2 0-0 7. 0-0 Nd5 8. Bh2 f5 9. c4 Nb6 10. Nc3 Bf6 11. a4 a5 12. Nb5 Na7 13. Qc2 Nxb5 14. axb5 Qe7 15. e4 fxe4 16. Qxe4 a4 17. c5 dxc5 18. dxc5 Qxc5 19. Rac1 Qf5 20. Qxf5 exf5 21. Be5 Be6 22. Bxf6 Rxf6 23. Rfd1 Bb3 24. Rd4 Rc8 25. Rf4 g6 26. g4 Nd5 27. Rd4 c5 28. Rd3 Nf4 29. Re3 Nxh3+ 30. Kg2 fxg4 31. Ne5 h5 32. f3 Nf4+ 33. Kg3 h4+ 34. Kxg4 Be6+ 35. Kg5 Kg7 36. Ng4 Rh8 37. Nxf6 Nh3# 0-1

[Event "CP-2015-P-00051"]
[Site "LSS email"]
[Date "2015.09.28"]
[Round "?"]
[White "Mot, Oleg"]
[Black "Kocian, Stefan"]
[Result "1-0"]
[WhiteElo "1361"]
[BlackElo "1675"]
[PlyCount "51"]
[EventDate "2015.10.01"]
[EventType "tourn (corr)"]
[EventRounds "6"]
[EventCountry "GER"]
[SourceTitle "Corr 2022"]
[Source "ChessBase"]
[SourceDate "2021.10.24"]
[SourceVersion "1"]
[SourceVersionDate "2021.10.24"]
[SourceQuality "1"]

1. c4 Nf6 2. Nc3 e6 3. g3 c5 4. Bg2 d5 5. cxd5 exd5 6. d3 Be7 7. Nf3 d4 8. Ne4 Nxe4 9. dxe4 0-0 10. 0-0 Nc6 11. Bf4 Be6 12. b3 Rc8 13. Rc1 b6 14. Qd2 Re8 15. Rfd1 h6 16. e3 Bg4 17. exd4 Nxd4 18. Qe3 Bf6 19. e5 g5 20. Nxd4 cxd4 21. Rxc8 Qxc8 22. Rxd4 gxf4 23. Qxf4 Bf5 24. Rc4 Qe6 25. Qxh6 Qxe5 26. h4 1-0

[Event "CP-2015-P-00051"]
[Site "LSS email"]
[Date "2015.09.28"]
[Round "?"]
[White "Ozols, Andris"]
[Black "Mot, Oleg"]
[Result "1-0"]
[WhiteElo "1782"]
[BlackElo "1361"]
[PlyCount "67"]
[EventDate "2015.10.01"]
[EventType "tourn (corr)"]
[EventRounds "6"]
[EventCountry "GER"]
[SourceTitle "Corr 2022"]
[Source "ChessBase"]
[SourceDate "2021.10.24"]
[SourceVersion "1"]
[SourceVersionDate "2021.10.24"]
[SourceQuality "1"]

1. e4 e5 2. Nf3 Nc6 3. Bb5 d6 4. d4 exd4 5. Qxd4 Bd7 6. Bxc6 Bxc6 7. 0-0 Nf6 8. Re1 Be7 9. e5 dxe5 10. Qxe5 Qd6 11. Bf4 0-0 12. Qxd6 Bxd6 13. Bxd6 cxd6 14. Nd4 Rfe8 15. Na3 d5 16. c3 g6 17. Nac2 Kg7 18. Nb4 Bd7 19. f3 Rac8 20. Kf2 h6 21. h4 g5 22. Nd3 a6 23. Ne5 gxh4 24. Nxd7 Nxd7 25. Rh1 Rc5 26. Rxh4 Ne5 27. g4 Nd3+ 28. Kg3 Rh8 29. Rh5 Nxb2 30. Rb1 Na4 31. Rxb7 Rxc3 32. Rf5 Nc5 33. Rbxf7+ Kg8 34. Kh4 1-0

[Event "BI-2015-P-0000"]
[Site "LSS email"]
[Date "2015.04.16"]
[Round "?"]
[White "Cerne, Peter"]
[Black "Mot, Oleg"]
[Result "0-1"]
[WhiteElo "1578"]
[BlackElo "1341"]
[PlyCount "80"]
[EventDate "2015.04.22"]
[EventType "tourn (corr)"]
[EventRounds "10"]
[EventCountry "GER"]
[SourceTitle "Corr 2022"]
[Source "ChessBase"]
[SourceDate "2021.10.24"]
[SourceVersion "1"]
[SourceVersionDate "2021.10.24"]
[SourceQuality "1"]

1. e4 e5 2. Nf3 Nf6 3. Nc3 Bb4 4. Nxe5 0-0 5. Be2 Re8 6. Nd3 Bxc3 7. dxc3 Nxe4 8. 0-0 d6 9. Nf4 Nc6 10. Bd3 Nc5 11. Be3 Nxd3 12. cxd3 Bf5 13. d4 Qd7 14. Re1 h6 15. Nh5 Bg4 16. Nf6+ gxf6 17. f3 Bf5 18. Bxh6 Bg6 19. Qd2 Ne7 20. b3 Nf5 21. Bf4 Rxe1+ 22. Rxe1 Re8 23. Rxe8+ Qxe8 24. d5 Bh7 25. c4 b5 26. Qf2 bxc4 27. g4 Ne7 28. bxc4 Qa4 29. Qd4 Qa3 30. Qe3 Qxe3+ 31. Bxe3 Bd3 32. c5 Nxd5 33. cxd6 cxd6 34. Bxa7 Nc3 35. Bb8 d5 36. a3 Bc4 37. h4 d4 38. Kf2 Nb1 39. a4 d3 40. Bf4 d2 0-1

[Event "BI-2015-P-0000"]
[Site "LSS email"]
[Date "2015.04.16"]
[Round "?"]
[White "Mot, Oleg"]
[Black "Chumanov, Valeriy"]
[Result "0-1"]
[WhiteElo "1341"]
[BlackElo "2300"]
[PlyCount "42"]
[EventDate "2015.04.22"]
[EventType "tourn (corr)"]
[EventRounds "10"]
[EventCountry "GER"]
[SourceTitle "Corr 2022"]
[Source "ChessBase"]
[SourceDate "2021.10.24"]
[SourceVersion "1"]
[SourceVersionDate "2021.10.24"]
[SourceQuality "1"]

1. e4 e5 2. f4 exf4 3. Nf3 d6 4. Bc4 h6 5. d4 g5 6. h4 Bg7 7. c3 Nc6 8. 0-0 g4 9. d5 Ne5 10. Nxe5 dxe5 11. Qa4+ Bd7 12. Qb3 Qxh4 13. Qxb7 g3 14. Qxa8+ Ke7 15. Rxf4 Qh2+ 16. Kf1 Qh1+ 17. Ke2 exf4 18. Nd2 Nf6 19. Qxa7 Nxe4 20. Qxc7 Nd6 21. Ba6 Ra8 0-1

[Event "BI-2015-P-0000"]
[Site "LSS email"]
[Date "2015.04.16"]
[Round "?"]
[White "Muhl, Patrick"]
[Black "Mot, Oleg"]
[Result "1-0"]
[WhiteElo "2456"]
[BlackElo "1341"]
[PlyCount "77"]
[EventDate "2015.04.22"]
[EventType "tourn (corr)"]
[EventRounds "10"]
[EventCountry "GER"]
[SourceTitle "Corr 2022"]
[Source "ChessBase"]
[SourceDate "2021.10.24"]
[SourceVersion "1"]
[SourceVersionDate "2021.10.24"]
[SourceQuality "1"]

1. d4 Nf6 2. c4 e6 3. Nf3 c5 4. d5 b5 5. dxe6 fxe6 6. cxb5 d5 7. e3 Bd6 8. b3 0-0 9. Bb2 Nbd7 10. Be2 a6 11. 0-0 axb5 12. Bxb5 Ba6 13. Nc3 Bb7 14. a4 h6 15. Rc1 Qc7 16. Bd3 Bc6 17. Nb5 Bxb5 18. Bxb5 Ne4 19. g3 Ne5 20. Nh4 g5 21. Bxe5 Bxe5 22. Ng6 Rf6 23. Nxe5 Qxe5 24. Bd3 Nc3 25. Qd2 d4 26. Rfe1 Qc7 27. exd4 cxd4 28. Bc4 Qb6 29. Re5 Kg7 30. Rce1 Re8 31. a5 Qd6 32. a6 Re7 33. Rxe6 Rexe6 34. Bxe6 Rxe6 35. a7 Rxe1+ 36. Qxe1 Qc6 37. Qe7+ Kg6 38. Qa3 Qa8 39. Qd6+ 1-0